Normal view
MARC view
- Editor; Varsh Daftardar- Gejji
Entry Personal Name
001 - CONTROL NUMBER
- control field: 10433
003 - CONTROL NUMBER IDENTIFIER
- control field: NUST
005 - DATE AND TIME OF LATEST TRANSACTION
- control field: 20180522055400.0
008 - FIXED-LENGTH DATA ELEMENTS
- fixed length control field: 180522|| aca||aabn | a|a d
040 ## - CATALOGING SOURCE
- Original cataloging agency: NUST
- Transcribing agency: NUST
100 ## - HEADING--PERSONAL NAME
- Personal name: Editor; Varsh Daftardar- Gejji
670 ## - SOURCE DATA FOUND
- Source citation: Work cat.: (NUST): Editor; Varsh Daftardar- Gejji , Fractional Calculus , 2014
